000 00640nam a2200217 4500
003 OSt
005 20240625054242.0
006 a
008 240625b |||||||| |||| 00| 0 eng d
020 _a9781407533964
040 _aDWCL-HMN lib.
_cOC
082 _aCirc. 641.874 B283 2008
110 _aButtler & Tanner Printers Ltd. Lisa Hughes Sarah Johnstone
245 _aThe bartender’s book /
260 _aBath, UK :
_bParragon,
_cc2008.
300 _b384 p. : col. ill. ;
_c21 cm.
504 _aIncludes indexes.
650 _a1. Bartending- Handbooks, manuals, etc.
650 _a2. Cocktails.
942 _2ddc
_n0
_cBK-CIRC
_kCirc.
999 _c1307
_d1307